[Event "ureki 2015"]
[Site "?"]
[Date "2015.10.05"]
[Round "1.6"]
[White "Choladze, Mariam"]
[Black "Osmak, Iulija"]
[Result "1-0"]
[LiveChessVersion "1.3.1"]
[BlackElo "2347"]
[WhiteElo "2095"]

1. e4 {[%clk 1:27:32]} d6 {[%clk 1:30:54]} 2. d4 {[%clk 1:27:26]} Nf6
{[%clk 1:31:15]} 3. Nc3 {[%clk 1:27:12]} e5 {[%clk 1:31:38]} 4. Nf3
{[%clk 1:26:39]} Nbd7 {[%clk 1:32:00]} 5. Bc4 {[%clk 1:17:19]} Be7
{[%clk 1:32:13]} 6. O-O {[%clk 1:17:27]} Nb6 {[%clk 1:32:15]} 7. Be2
{[%clk 1:11:17]} exd4 {[%clk 1:32:14]} 8. Nxd4 {[%clk 1:11:09]} O-O
{[%clk 1:32:32]} 9. Re1 {[%clk 1:10:29]} Re8 {[%clk 1:31:52]} 10. f4
{[%clk 1:07:13]} d5 {[%clk 1:28:16]} 11. e5 {[%clk 1:04:16]} Ne4 {[%clk 1:27:59]}
12. Bf3 {[%clk 0:50:14]} f5 {[%clk 1:20:43]} 13. Bxe4 {[%clk 0:46:21]} fxe4
{[%clk 1:17:35]} 14. a4 {[%clk 0:42:43]} a5 {[%clk 1:06:21]} 15. Nde2
{[%clk 0:36:28]} Bc5+ {[%clk 0:52:30]} 16. Kh1 {[%clk 0:35:08]} Bg4
{[%clk 0:52:41]} 17. Rf1 {[%clk 0:32:04]} Qd7 {[%clk 0:45:40]} 18. Qe1
{[%clk 0:29:15]} Bb4 {[%clk 0:37:23]} 19. Qg3 {[%clk 0:23:57]} c5
{[%clk 0:23:41]} 20. h3 {[%clk 0:13:43]} Bf5 {[%clk 0:23:58]} 21. Nb5
{[%clk 0:13:22]} d4 {[%clk 0:13:44]} 22. c3 {[%clk 0:10:37]} d3 {[%clk 0:13:30]}
23. Ng1 {[%clk 0:10:33]} Nxa4 {[%clk 0:09:15]} 24. Nd6 {[%clk 0:09:55]} Nxc3
{[%clk 0:06:39]} 25. bxc3 {[%clk 0:10:22]} Bxc3 {[%clk 0:07:02]} 26. Rb1
{[%clk 0:09:26]} Reb8 {[%clk 0:06:07]} 27. Bb2 {[%clk 0:05:12]} Bxb2
{[%clk 0:05:27]} 28. Rxb2 {[%clk 0:05:36]} a4 {[%clk 0:03:26]} 29. Qe3
{[%clk 0:02:33]} a3 {[%clk 0:03:23]} 30. Rd2 {[%clk 0:02:11]} c4 {[%clk 0:00:52]}
31. Qd4 {[%clk 0:00:36]} b5 {[%clk 0:00:37]} 32. g4 {[%clk 0:00:33]} e3
{[%clk 0:00:38]} 33. Qxe3 {[%clk 0:00:47]} c3 {[%clk 0:00:34]} 34. Rg2
{[%clk 0:01:04]} a2 {[%clk 0:00:42]} 35. gxf5 {[%clk 0:00:36]} a1=Q
{[%clk 0:00:55]} 36. Rxa1 {[%clk 0:00:58]} Rxa1 {[%clk 0:01:22]} 37. Qxd3
{[%clk 0:00:42]} Qc6 {[%clk 0:01:37]} 38. Kh2 {[%clk 0:00:35]} Rba8
{[%clk 0:00:41]} 39. f6 {[%clk 0:01:04]} R1a2 {[%clk 0:00:40]} 40. Ne2
{[%clk 0:31:30]} R8a7 {[%clk 0:31:00]} 41. f7+ {[%clk 0:26:12]} Kf8
{[%clk 0:31:22]} 42. Qxh7 {[%clk 0:25:49]} Rxf7 {[%clk 0:27:15]} 43. Qh8+
{[%clk 0:24:37]} Ke7 {[%clk 0:27:42]} 44. Nxf7 {[%clk 0:24:47]} Rxe2
{[%clk 0:26:53]} 45. Rxe2 {[%clk 0:24:17]} c2 {[%clk 0:27:20]} 46. Qd8+
{[%clk 0:24:29]} Kxf7 {[%clk 0:27:46]} 47. e6+ {[%clk 0:24:52]} Kg6
{[%clk 0:28:07]} 48. Qg5+ {[%clk 0:24:19]} Kh7 {[%clk 0:28:34]} 49. Qf5+
{[%clk 0:24:43]} 1-0

[Event "ureki 2015"]
[Site "?"]
[Date "2015.10.05"]
[Round "1.7"]
[White "Mchedlishvili, Mikheil"]
[Black "Gelashvili, Tamaz"]
[Result "1/2-1/2"]
[LiveChessVersion "1.3.1"]
[BlackElo "2570"]
[WhiteElo "2607"]

1. d4 {[%clk 1:30:57]} d6 {[%clk 1:23:28]} 2. c4 {[%clk 1:27:22]} e5
{[%clk 1:23:44]} 3. Nc3 {[%clk 1:26:27]} exd4 {[%clk 1:23:36]} 4. Qxd4
{[%clk 1:26:50]} Nc6 {[%clk 1:24:01]} 5. Qd2 {[%clk 1:26:58]} Nf6
{[%clk 1:22:34]} 6. b3 {[%clk 1:25:02]} g6 {[%clk 1:22:34]} 7. Bb2
{[%clk 1:24:50]} Bg7 {[%clk 1:22:56]} 8. g3 {[%clk 1:24:07]} O-O {[%clk 1:22:35]}
9. Bg2 {[%clk 1:23:45]} Re8 {[%clk 1:16:37]} 10. Nh3 {[%clk 1:20:57]} d5
{[%clk 1:14:01]} 11. cxd5 {[%clk 1:11:32]} Bxh3 {[%clk 1:11:40]} 12. Bxh3
{[%clk 1:11:50]} Nxd5 {[%clk 1:11:59]} 13. Nxd5 {[%clk 0:51:29]} Bxb2
{[%clk 1:12:13]} 14. Rd1 {[%clk 0:49:26]} Bg7 {[%clk 1:07:28]} 15. Bg2
{[%clk 0:34:53]} Nd4 {[%clk 1:06:58]} 16. e3 {[%clk 0:34:24]} c6 {[%clk 1:07:05]}
17. O-O {[%clk 0:32:58]} Ne6 {[%clk 1:03:54]} 18. Nf4 {[%clk 0:33:12]} Nxf4
{[%clk 1:03:47]} 19. gxf4 {[%clk 0:33:32]} Qb6 {[%clk 1:02:16]} 20. Qc2
{[%clk 0:33:02]} Rad8 {[%clk 1:01:44]} 21. Rxd8 {[%clk 0:33:16]} Rxd8
{[%clk 1:02:10]} 22. Rd1 {[%clk 0:33:38]} Bf6 {[%clk 1:02:28]} 23. Rxd8+
{[%clk 0:33:46]} Qxd8 {[%clk 1:02:49]} 24. Bf3 {[%clk 0:34:04]} Qa5
{[%clk 1:02:04]} 25. Kg2 {[%clk 0:33:37]} Kg7 {[%clk 1:01:55]} 26. h3
{[%clk 0:33:46]} a6 {[%clk 1:01:22]} 27. Be4 {[%clk 0:33:26]} Qe1
{[%clk 1:00:45]} 28. Bf3 {[%clk 0:33:32]} a5 {[%clk 1:00:40]} 29. a4
{[%clk 0:33:36]} Bh4 {[%clk 1:00:08]} 30. Qe2 {[%clk 0:33:01]} Qc3
{[%clk 1:00:18]} 31. Qc4 {[%clk 0:32:48]} Qxc4 {[%clk 1:00:39]} 32. bxc4
{[%clk 0:33:12]} Kf8 {[%clk 1:00:26]} 33. e4 {[%clk 0:28:55]} Ke7
{[%clk 0:54:48]} 34. e5 {[%clk 0:28:15]} f5 {[%clk 0:55:07]} 35. exf6+
{[%clk 0:26:45]} Bxf6 {[%clk 0:54:27]} 36. Bg4 {[%clk 0:25:31]} Kd6
{[%clk 0:54:35]} 37. Bc8 {[%clk 0:12:17]} b5 {[%clk 0:50:50]} 38. cxb5
{[%clk 0:12:43]} cxb5 {[%clk 0:51:17]} 39. axb5 {[%clk 0:13:07]} a4
{[%clk 0:51:32]} 40. b6 {[%clk 0:42:37]} Bd8 {[%clk 1:21:17]} 41. Ba6
{[%clk 0:41:48]} Kd5 {[%clk 1:19:19]} 42. Bd3 {[%clk 0:36:36]} a3
{[%clk 1:18:47]} 43. b7 {[%clk 0:32:56]} Bc7 {[%clk 1:19:11]} 44. Bb1
{[%clk 0:33:24]} Bxf4 {[%clk 1:18:54]} 1/2-1/2

[Event "ureki 2015"]
[Site "?"]
[Date "2015.10.05"]
[Round "1.8"]
[White "Paichadze, Luka"]
[Black "Gagunashvili, Merab"]
[Result "1/2-1/2"]
[LiveChessVersion "1.3.1"]
[BlackElo "2553"]
[WhiteElo "2568"]

1. e4 {[%clk 1:28:21]} c5 {[%clk 1:30:56]} 2. Nf3 {[%clk 1:28:13]} d6
{[%clk 1:31:20]} 3. d4 {[%clk 1:27:22]} cxd4 {[%clk 1:31:44]} 4. Qxd4
{[%clk 1:25:23]} a6 {[%clk 1:32:09]} 5. c4 {[%clk 1:24:44]} Nf6 {[%clk 1:32:19]}
6. h3 {[%clk 1:24:15]} g6 {[%clk 1:32:15]} 7. Be2 {[%clk 1:23:33]} Bg7
{[%clk 1:32:36]} 8. O-O {[%clk 1:21:49]} Nc6 {[%clk 1:32:46]} 9. Qe3
{[%clk 1:22:12]} O-O {[%clk 1:33:10]} 10. Nc3 {[%clk 1:21:23]} Nd7
{[%clk 1:33:32]} 11. Rb1 {[%clk 1:16:17]} Nde5 {[%clk 1:33:18]} 12. Rd1
{[%clk 1:15:25]} Nxf3+ {[%clk 1:29:51]} 13. Bxf3 {[%clk 1:15:49]} Qa5
{[%clk 1:26:16]} 14. Bd2 {[%clk 1:05:29]} Qc5 {[%clk 1:07:37]} 15. Nd5
{[%clk 0:49:55]} Be6 {[%clk 0:58:05]} 16. Qxc5 {[%clk 0:43:21]} dxc5
{[%clk 0:58:23]} 17. Bg5 {[%clk 0:31:52]} Rae8 {[%clk 0:51:14]} 18. Nc7
{[%clk 0:27:51]} Rb8 {[%clk 0:41:20]} 19. b3 {[%clk 0:17:28]} Bd4
{[%clk 0:33:38]} 20. Nd5 {[%clk 0:14:28]} f6 {[%clk 0:27:14]} 21. Bf4
{[%clk 0:13:49]} Be5 {[%clk 0:22:02]} 22. Bxe5 {[%clk 0:11:40]} fxe5
{[%clk 0:14:47]} 23. Bg4 {[%clk 0:11:03]} Bxg4 {[%clk 0:12:43]} 24. hxg4
{[%clk 0:11:29]} Rbd8 {[%clk 0:12:25]} 25. Kf1 {[%clk 0:08:44]} Kf7
{[%clk 0:11:16]} 26. f3 {[%clk 0:07:09]} Rd6 {[%clk 0:07:44]} 27. Ne3
{[%clk 0:03:33]} Rfd8 {[%clk 0:04:51]} 28. Rxd6 {[%clk 0:01:14]} Rxd6
{[%clk 0:05:10]} 29. Rd1 {[%clk 0:01:37]} Rd4 {[%clk 0:04:07]} 30. Ke1
{[%clk 0:00:34]} Nb4 {[%clk 0:03:45]} 31. a3 {[%clk 0:00:54]} Nd3+
{[%clk 0:03:11]} 32. Ke2 {[%clk 0:00:41]} Nf4+ {[%clk 0:03:23]} 33. Ke1
{[%clk 0:01:08]} Nd3+ {[%clk 0:02:59]} 34. Ke2 {[%clk 0:01:34]} Nf4+
{[%clk 0:03:14]} 35. Ke1 {[%clk 0:02:00]} 1/2-1/2

[Event "ureki 2015"]
[Site "?"]
[Date "2015.10.05"]
[Round "1.9"]
[White "Sanikidze, Tornike"]
[Black "Mgeladze, Tamaz"]
[Result "1-0"]
[LiveChessVersion "1.3.1"]
[BlackElo "2339"]
[WhiteElo "2527"]

1. d4 {[%clk 1:30:42]} Nf6 {[%clk 1:30:48]} 2. c4 {[%clk 1:31:01]} g6
{[%clk 1:31:14]} 3. Nc3 {[%clk 1:31:20]} Bg7 {[%clk 1:31:24]} 4. e4
{[%clk 1:31:38]} d6 {[%clk 1:31:36]} 5. f4 {[%clk 1:31:49]} O-O {[%clk 1:27:26]}
6. Nf3 {[%clk 1:30:41]} c5 {[%clk 1:26:33]} 7. d5 {[%clk 1:31:02]} Bg4
{[%clk 1:22:37]} 8. h3 Bxf3 {[%clk 1:22:56]} 9. Qxf3 {[%clk 1:23:51]} e6
{[%clk 1:23:07]} 10. Bd3 {[%clk 1:19:37]} exd5 {[%clk 1:23:09]} 11. cxd5
{[%clk 1:20:00]} Re8 {[%clk 1:19:00]} 12. O-O {[%clk 1:20:01]} Nbd7
{[%clk 1:17:36]} 13. Be3 {[%clk 1:09:06]} a6 {[%clk 1:13:12]} 14. a4
{[%clk 1:09:06]} Qc7 {[%clk 1:09:48]} 15. Rfe1 {[%clk 0:53:15]} c4
{[%clk 1:05:36]} 16. Bf1 {[%clk 0:53:34]} Nc5 {[%clk 1:02:10]} 17. Bf2
{[%clk 0:52:47]} Nb3 {[%clk 0:51:46]} 18. Rad1 {[%clk 0:50:53]} Nd7
{[%clk 0:51:54]} 19. e5 {[%clk 0:50:06]} dxe5 {[%clk 0:47:29]} 20. d6
{[%clk 0:50:20]} Qc6 {[%clk 0:40:03]} 21. Qxc6 {[%clk 0:47:04]} bxc6
{[%clk 0:40:21]} 22. Bxc4 {[%clk 0:47:18]} Na5 {[%clk 0:37:29]} 23. Bf1
{[%clk 0:44:01]} exf4 {[%clk 0:25:38]} 24. Rxe8+ {[%clk 0:29:33]} Rxe8
{[%clk 0:26:06]} 25. Bxa6 {[%clk 0:29:56]} Ra8 {[%clk 0:21:58]} 26. Bf1
{[%clk 0:26:42]} Nb7 {[%clk 0:18:54]} 27. Be2 {[%clk 0:18:10]} Be5
{[%clk 0:16:16]} 28. Bf3 {[%clk 0:17:03]} Ra6 {[%clk 0:16:30]} 29. Bg4
{[%clk 0:07:03]} f5 {[%clk 0:14:54]} 30. Be2 {[%clk 0:07:31]} Ra8
{[%clk 0:15:24]} 31. Bf3 {[%clk 0:07:42]} Ra6 {[%clk 0:13:53]} 32. Nb5
{[%clk 0:05:55]} Nd8 {[%clk 0:12:04]} 33. Nd4 {[%clk 0:04:30]} Kf7
{[%clk 0:09:48]} 34. b3 {[%clk 0:04:41]} Nf6 {[%clk 0:05:28]} 35. Be2
{[%clk 0:02:47]} Ra8 {[%clk 0:05:26]} 36. Bc4+ {[%clk 0:03:01]} Kf8
{[%clk 0:05:03]} 37. Nf3 {[%clk 0:00:37]} Bc3 {[%clk 0:02:22]} 38. Bb6
{[%clk 0:01:06]} Ne4 {[%clk 0:01:45]} 39. Nd4 {[%clk 0:01:18]} Ke8
{[%clk 0:00:49]} 40. Ne6 {[%clk 0:30:40]} Nxe6 {[%clk 0:30:31]} 41. Bxe6
{[%clk 0:29:48]} Bd2 {[%clk 0:26:47]} 42. Rxd2 {[%clk 0:14:33]} Nxd2
{[%clk 0:27:00]} 43. a5 {[%clk 0:15:01]} Ne4 {[%clk 0:17:23]} 44. d7+
{[%clk 0:15:19]} Ke7 {[%clk 0:17:49]} 45. a6 {[%clk 0:15:46]} Nc5
{[%clk 0:14:52]} 46. d8=Q+ {[%clk 0:16:05]} Rxd8 {[%clk 0:15:18]} 47. Bxd8+
{[%clk 0:16:29]} 1-0

[Event "ureki 2015"]
[Site "?"]
[Date "2015.10.05"]
[Round "1.10"]
[White "Khurtsidze, Nino"]
[Black "Tsatsalashvili, Keti"]
[Result "1-0"]
[LiveChessVersion "1.3.1"]
[BlackElo "2266"]
[WhiteElo "2426"]

1. Nf3 {[%clk 1:30:47]} d5 {[%clk 1:29:59]} 2. d4 {[%clk 1:30:20]} Nf6
{[%clk 1:29:51]} 3. c4 {[%clk 1:30:43]} e6 {[%clk 1:29:54]} 4. Nc3
{[%clk 1:31:00]} Bb4 {[%clk 1:29:50]} 5. cxd5 {[%clk 1:31:11]} exd5
{[%clk 1:30:05]} 6. Bg5 {[%clk 1:31:36]} h6 {[%clk 1:30:14]} 7. Bh4
{[%clk 1:31:49]} c5 {[%clk 1:29:31]} 8. e3 {[%clk 1:32:01]} g5 {[%clk 1:29:18]}
9. Bg3 {[%clk 1:32:22]} Nc6 {[%clk 1:29:38]} 10. Bb5 {[%clk 1:24:39]} Bxc3+
{[%clk 1:24:22]} 11. bxc3 {[%clk 1:23:22]} Ne4 {[%clk 1:23:19]} 12. O-O
{[%clk 1:19:06]} O-O {[%clk 1:10:32]} 13. dxc5 {[%clk 1:17:15]} Qa5
{[%clk 0:40:22]} 14. a4 {[%clk 1:08:09]} a6 {[%clk 0:34:27]} 15. Bxc6
{[%clk 1:01:57]} bxc6 {[%clk 0:34:50]} 16. Qd4 {[%clk 1:00:47]} Bf5
{[%clk 0:25:49]} 17. Qb4 {[%clk 0:56:19]} Qd8 {[%clk 0:17:37]} 18. Nd4
{[%clk 0:56:22]} Bd7 {[%clk 0:16:54]} 19. Rfd1 {[%clk 0:50:58]} h5
{[%clk 0:10:42]} 20. c4 {[%clk 0:47:33]} h4 {[%clk 0:06:49]} 21. Bd6
{[%clk 0:46:07]} Qf6 {[%clk 0:06:13]} 22. f3 {[%clk 0:44:34]} Nxd6
{[%clk 0:06:17]} 23. cxd6 {[%clk 0:45:02]} h3 {[%clk 0:05:42]} 24. Ra2
{[%clk 0:39:16]} dxc4 {[%clk 0:04:16]} 25. e4 {[%clk 0:31:34]} Qe5
{[%clk 0:02:25]} 26. Qxc4 {[%clk 0:19:26]} Qxd6 {[%clk 0:02:18]} 27. Rad2
{[%clk 0:19:51]} Qf4 {[%clk 0:01:03]} 28. g3 {[%clk 0:13:21]} Qe3+
{[%clk 0:01:20]} 29. Kf1 {[%clk 0:09:37]} Qa3 {[%clk 0:00:36]} 30. Rd3
{[%clk 0:06:26]} Qb2 {[%clk 0:00:52]} 31. R3d2 {[%clk 0:05:44]} Qa3
{[%clk 0:01:07]} 32. Kf2 {[%clk 0:05:57]} g4 {[%clk 0:00:48]} 33. f4
{[%clk 0:05:26]} c5 {[%clk 0:00:40]} 34. Nc2 {[%clk 0:02:19]} Qf3+
{[%clk 0:00:43]} 35. Kg1 {[%clk 0:02:48]} Bc6 {[%clk 0:00:43]} 36. Re1
{[%clk 0:00:44]} Rfe8 {[%clk 0:00:40]} 37. Nd4 {[%clk 0:00:46]} cxd4
{[%clk 0:00:35]} 38. Qxc6 {[%clk 0:01:15]} Rac8 {[%clk 0:00:48]} 39. Qd5
{[%clk 0:01:34]} Red8 {[%clk 0:00:39]} 40. Qg5+ {[%clk 0:31:49]} Kf8
{[%clk 0:30:40]} 41. f5 {[%clk 0:31:01]} Rd6 {[%clk 0:26:25]} 42. e5
{[%clk 0:28:53]} Rdc6 {[%clk 0:19:16]} 43. f6 {[%clk 0:26:55]} Qd5
{[%clk 0:18:09]} 44. Qg7+ {[%clk 0:25:50]} Ke8 {[%clk 0:18:21]} 45. e6
{[%clk 0:23:09]} Rxe6 {[%clk 0:17:38]} 46. Qg8+ {[%clk 0:23:31]} 1-0

[Event "ureki 2015"]
[Site "?"]
[Date "2015.10.05"]
[Round "1.11"]
[White "Keleptrishvili, Irakli"]
[Black "Bortnyk, Olexandr"]
[Result "0-1"]
[LiveChessVersion "1.3.1"]
[BlackElo "2557"]
[WhiteElo "2162"]

1. e4 {[%clk 1:30:58]} c5 {[%clk 1:30:53]} 2. Nf3 {[%clk 1:31:16]} Nc6
{[%clk 1:31:17]} 3. Bb5 {[%clk 1:31:40]} g6 {[%clk 1:31:41]} 4. Bxc6
{[%clk 1:32:05]} bxc6 {[%clk 1:32:03]} 5. O-O {[%clk 1:32:30]} Bg7
{[%clk 1:32:25]} 6. Re1 {[%clk 1:32:55]} Nh6 {[%clk 1:32:41]} 7. c3
{[%clk 1:32:57]} O-O {[%clk 1:33:04]} 8. d4 {[%clk 1:33:24]} cxd4
{[%clk 1:33:30]} 9. cxd4 {[%clk 1:33:50]} d5 {[%clk 1:33:56]} 10. Nc3
{[%clk 1:17:21]} Bg4 {[%clk 1:29:49]} 11. h3 {[%clk 0:55:56]} Bxf3
{[%clk 1:29:58]} 12. Qxf3 {[%clk 0:56:25]} dxe4 {[%clk 1:30:17]} 13. Qxe4
{[%clk 0:56:50]} Nf5 {[%clk 1:30:41]} 14. Bg5 {[%clk 0:56:36]} Qb6
{[%clk 1:29:34]} 15. Na4 {[%clk 0:45:41]} Qb5 {[%clk 1:29:31]} 16. Nc3
{[%clk 0:34:03]} Qxb2 {[%clk 1:29:03]} 17. Rac1 {[%clk 0:34:26]} Bxd4
{[%clk 1:23:15]} 18. Ne2 {[%clk 0:31:39]} Bb6 {[%clk 1:19:49]} 19. Rc2
{[%clk 0:27:07]} Qb5 {[%clk 1:11:55]} 20. Qxc6 {[%clk 0:21:56]} Qxc6
{[%clk 1:12:02]} 21. Rxc6 {[%clk 0:22:24]} f6 {[%clk 1:12:24]} 22. Bc1
{[%clk 0:19:48]} Rac8 {[%clk 1:12:26]} 23. Rxc8 {[%clk 0:19:56]} Rxc8
{[%clk 1:12:49]} 24. Kf1 {[%clk 0:19:09]} Rc2 {[%clk 1:12:49]} 25. a3
{[%clk 0:19:27]} Ra2 {[%clk 1:11:45]} 26. Rd1 {[%clk 0:17:41]} Nd6
{[%clk 1:09:12]} 27. Rd3 {[%clk 0:08:02]} Ra1 {[%clk 1:09:29]} 28. Ke1
{[%clk 0:07:03]} Ne4 {[%clk 1:09:42]} 29. Rb3 {[%clk 0:05:31]} Ra2
{[%clk 1:06:01]} 30. Bb2 {[%clk 0:03:59]} Nc5 {[%clk 1:05:34]} 31. Nc1
{[%clk 0:03:56]} Nxb3 {[%clk 1:05:51]} 32. Nxa2 {[%clk 0:04:20]} e5
{[%clk 1:05:48]} 33. Ke2 {[%clk 0:01:45]} Kf7 {[%clk 1:06:09]} 34. f3
{[%clk 0:01:33]} Ke6 {[%clk 1:06:05]} 35. Nb4 {[%clk 0:01:25]} a5
{[%clk 1:06:21]} 36. Nc2 {[%clk 0:01:38]} Bd4 {[%clk 1:06:11]} 37. Nxd4+
{[%clk 0:01:50]} exd4 {[%clk 1:06:36]} 38. Kd3 {[%clk 0:01:30]} Kd5
{[%clk 1:07:01]} 39. g4 {[%clk 0:01:48]} f5 {[%clk 1:07:26]} 40. h4
{[%clk 0:32:06]} h5 {[%clk 1:36:12]} 41. g5 {[%clk 0:31:37]} a4 {[%clk 1:36:37]}
42. Kc2 {[%clk 0:30:23]} Kc4 {[%clk 1:36:28]} 43. f4 {[%clk 0:30:41]} Kd5
{[%clk 1:36:50]} 0-1

[Event "ureki 2015"]
[Site "?"]
[Date "2015.10.05"]
[Round "1.12"]
[White "Ziaziulkina, Nastassia"]
[Black "Unapkoshvili, Nani"]
[Result "0-1"]
[LiveChessVersion "1.3.1"]
[BlackElo "2042"]
[WhiteElo "2402"]

1. e4 {[%clk 1:30:57]} d6 {[%clk 1:30:51]} 2. d4 {[%clk 1:31:22]} Nf6
{[%clk 1:31:17]} 3. Nc3 {[%clk 1:31:48]} e5 {[%clk 1:31:40]} 4. Nf3
{[%clk 1:32:13]} Nbd7 {[%clk 1:32:06]} 5. Bc4 {[%clk 1:32:37]} Be7
{[%clk 1:32:32]} 6. O-O {[%clk 1:32:30]} O-O {[%clk 1:33:00]} 7. Re1
{[%clk 1:32:52]} a6 {[%clk 1:33:22]} 8. a4 {[%clk 1:32:51]} b6 {[%clk 1:32:44]}
9. Nd5 {[%clk 1:26:06]} Bb7 {[%clk 1:31:46]} 10. c3 {[%clk 1:26:09]} Nxd5
{[%clk 1:30:05]} 11. exd5 {[%clk 1:16:04]} Bf6 {[%clk 1:29:20]} 12. Be3
{[%clk 1:10:57]} Re8 {[%clk 1:18:57]} 13. Qb3 {[%clk 1:05:09]} g6
{[%clk 1:08:43]} 14. dxe5 {[%clk 1:00:17]} Nxe5 {[%clk 1:08:18]} 15. Be2
{[%clk 0:45:45]} Qd7 {[%clk 0:56:23]} 16. a5 {[%clk 0:40:43]} b5 {[%clk 0:55:19]}
17. c4 {[%clk 0:37:36]} c6 {[%clk 0:38:02]} 18. Nxe5 {[%clk 0:26:22]} Bxe5
{[%clk 0:37:04]} 19. Rac1 {[%clk 0:18:00]} bxc4 {[%clk 0:31:32]} 20. Bxc4
{[%clk 0:06:53]} cxd5 {[%clk 0:29:56]} 21. Bxd5 {[%clk 0:07:20]} Bxd5
{[%clk 0:28:36]} 22. Qxd5 {[%clk 0:07:46]} Bxb2 {[%clk 0:27:54]} 23. Rb1
{[%clk 0:07:15]} Rab8 {[%clk 0:23:02]} 24. Red1 {[%clk 0:06:58]} Rb5
{[%clk 0:12:56]} 25. Qd2 {[%clk 0:04:35]} Be5 {[%clk 0:12:56]} 26. Rxb5
{[%clk 0:02:47]} Qxb5 {[%clk 0:13:24]} 27. Bb6 {[%clk 0:02:54]} Rc8
{[%clk 0:12:37]} 28. g3 {[%clk 0:02:29]} Bc3 {[%clk 0:08:51]} 29. Qa2
{[%clk 0:02:49]} Bb4 {[%clk 0:08:28]} 30. Rb1 {[%clk 0:02:17]} Qc4
{[%clk 0:08:17]} 31. Qa4 {[%clk 0:02:34]} Bd2 {[%clk 0:06:42]} 32. Qd7
{[%clk 0:02:23]} Qc6 {[%clk 0:05:57]} 33. Qh3 {[%clk 0:01:31]} Qc2
{[%clk 0:04:06]} 34. Qf1 {[%clk 0:00:51]} Qxb1 {[%clk 0:03:19]} 35. Qxb1
{[%clk 0:01:18]} Rc1+ {[%clk 0:03:48]} 36. Qxc1 {[%clk 0:01:43]} Bxc1
{[%clk 0:04:16]} 37. Kf1 {[%clk 0:01:15]} Kf8 {[%clk 0:02:17]} 38. Ke2
{[%clk 0:01:41]} Ba3 {[%clk 0:02:15]} 39. Kd3 {[%clk 0:02:03]} Ke7
{[%clk 0:02:22]} 40. Kd4 {[%clk 0:31:52]} Ke6 {[%clk 0:32:12]} 41. f3
{[%clk 0:28:21]} d5 {[%clk 0:21:04]} 42. g4 {[%clk 0:25:56]} Kd6 {[%clk 0:20:36]}
43. Ba7 {[%clk 0:24:42]} Kc6 {[%clk 0:19:31]} 44. Bb6 {[%clk 0:24:39]} Bb2+
{[%clk 0:16:13]} 45. Ke3 {[%clk 0:23:53]} Be5 {[%clk 0:16:23]} 46. h3
{[%clk 0:22:39]} Bc7 {[%clk 0:15:30]} 47. Bxc7 {[%clk 0:13:17]} Kxc7
{[%clk 0:15:59]} 48. h4 {[%clk 0:13:40]} Kd6 {[%clk 0:15:36]} 49. Kd4
{[%clk 0:13:58]} Kc6 {[%clk 0:12:21]} 50. h5 {[%clk 0:13:04]} g5 {[%clk 0:12:19]}
51. Ke5 {[%clk 0:07:56]} Kc5 {[%clk 0:12:16]} 52. f4 {[%clk 0:07:36]} d4
{[%clk 0:11:41]} 53. fxg5 {[%clk 0:07:17]} d3 {[%clk 0:12:09]} 54. Kf6
{[%clk 0:06:12]} d2 {[%clk 0:12:37]} 55. Kg7 {[%clk 0:06:36]} d1=Q
{[%clk 0:13:02]} 56. h6 {[%clk 0:07:01]} Qd3 {[%clk 0:13:05]} 57. Kh8
{[%clk 0:07:25]} Kb5 {[%clk 0:13:20]} 58. g6 {[%clk 0:07:50]} Qxg6
{[%clk 0:13:35]} 59. g5 {[%clk 0:08:17]} f6 {[%clk 0:13:41]} 60. gxf6
{[%clk 0:08:41]} Qxh6 {[%clk 0:14:07]} 0-1

[Event "ureki 2015"]
[Site "?"]
[Date "2015.10.06"]
[Round "2.1"]
[White "Jobava, Baadur"]
[Black "Gelashvili, Tamaz"]
[Result "1-0"]
[LiveChessVersion "1.3.1"]
[BlackElo "2570"]
[WhiteElo "2683"]

1. b3 {[%clk 1:30:37]} d5 {[%clk 1:28:08]} 2. Bb2 {[%clk 1:31:01]} a5
{[%clk 1:26:59]} 3. e3 {[%clk 1:29:40]} c6 {[%clk 1:26:46]} 4. Be2
{[%clk 1:28:34]} Nf6 {[%clk 1:25:49]} 5. d3 {[%clk 1:24:38]} e6 {[%clk 1:21:01]}
6. Nf3 {[%clk 1:21:04]} a4 {[%clk 1:20:23]} 7. O-O {[%clk 1:21:18]} a3
{[%clk 1:20:12]} 8. Bc1 {[%clk 1:19:13]} b5 {[%clk 1:12:41]} 9. c3
{[%clk 1:15:58]} b4 {[%clk 1:12:34]} 10. cxb4 {[%clk 1:15:51]} Bxb4
{[%clk 1:12:58]} 11. Nd4 {[%clk 1:15:17]} Qe7 {[%clk 1:10:40]} 12. Nc2
{[%clk 1:15:42]} Bd6 {[%clk 1:10:57]} 13. Qd2 {[%clk 1:11:56]} h5
{[%clk 1:08:00]} 14. h3 {[%clk 1:01:42]} g5 {[%clk 1:05:09]} 15. Qc3
{[%clk 1:00:56]} Rg8 {[%clk 1:01:39]} 16. Bxa3 {[%clk 0:57:31]} Rxa3
{[%clk 1:01:49]} 17. Nbxa3 {[%clk 0:57:56]} g4 {[%clk 1:01:54]} 18. h4
{[%clk 0:55:35]} Ne4 {[%clk 1:02:11]} 19. dxe4 {[%clk 0:38:36]} Qxh4
{[%clk 1:02:31]} 20. e5 {[%clk 0:37:33]} g3 {[%clk 1:02:53]} 21. fxg3
{[%clk 0:37:59]} Qxg3 {[%clk 1:03:17]} 22. Bf3 {[%clk 0:34:11]} Bxe5
{[%clk 1:03:36]} 23. Nd4 {[%clk 0:34:00]} Ba6 {[%clk 0:39:05]} 24. Nc4
{[%clk 0:32:08]} dxc4 {[%clk 0:22:41]} 25. b4 {[%clk 0:32:35]} Rg4
{[%clk 0:11:51]} 26. Rfc1 {[%clk 0:25:20]} Qh4 {[%clk 0:01:08]} 27. Rd1
{[%clk 0:22:32]} Rg3 {[%clk 0:01:04]} 28. a4 {[%clk 0:22:05]} Qf6
{[%clk 0:00:51]} 29. b5 {[%clk 0:21:58]} Bb7 {[%clk 0:00:35]} 30. Qxc4
{[%clk 0:18:18]} Rxf3 {[%clk 0:01:00]} 31. gxf3 {[%clk 0:18:19]} c5
{[%clk 0:00:46]} 32. Qxc5 {[%clk 0:18:28]} Nd7 {[%clk 0:00:33]} 33. Qc2
{[%clk 0:18:34]} Qg5+ {[%clk 0:00:42]} 34. Kf1 {[%clk 0:18:56]} Qxe3
{[%clk 0:01:07]} 35. Qf2 {[%clk 0:19:17]} Qg5 {[%clk 0:00:36]} 36. Qg2
{[%clk 0:18:47]} Qe3 {[%clk 0:00:55]} 37. Nc6 {[%clk 0:19:01]} Kf8
{[%clk 0:00:31]} 38. Rxd7 {[%clk 0:18:54]} Bxc6 {[%clk 0:01:00]} 39. Re1
{[%clk 0:19:11]} 1-0